000
00302nam a2200133Ia 4500
008
190216s9999||||xx |||||||||||||| ||und||
100
_a
Hans Raj
245
0
_a
Theory And Practice In Social Research
250
_a
3rd Ed.
260
_b
Null
_c
1984
300
_a
404
650
_a
Economics
942
_c
BK
999
_c
9751
_d
9751